000 00793nam a2200217 a 4500
008 120416s1989 ||||||||||||||||| || u
020 _a0797409114
050 _aHG 3881 Nab
100 _aNabudere, Dani W
245 1 4 _aThe crash of international finance capital and its implications for the Third World
260 _aHarare
_bSAPES Trust
_c1989
300 _aiv, 158 p. : ill.
350 _a0.00
490 _aSouthern Africa political economy series
490 _v4
650 _aMoney - Developing countries
650 _aMARXIAN ECONOMICS
650 0 _aFINANCE--DEVELOPING COUNTRIES
650 _aINTERNATIONAL FINANCE
995 _D0.00
_FCBU-MAIN LIBRARY (Kitwe)
_H1
_I7.50
_M1
_UAVAILABLE
_ZMain Library Open Access Collection
999 _c39115
_d39115